Statystyki dla Liczby od 1-10 w różnych językach! #6 Rumuński

Kliknij tutaj aby rozwiązać quiz!

Ogólne statystyki

  • Ten quiz został rozwiązany 3 razy
  • Średni wynik to 5 z 10

Statystyki odpowiedzi

#Liczba% Poprawnych
4Patru
100%
5Cinci
50%
2Doi
50%
9Noua
50%
8Opt
50%
7Sapte
50%
3Trei
50%
1Unu
50%
10Zece
50%
6Sase
0%

Rozkład punktacji

Percentyl według liczby udzielonych odpowiedzi

Procent ludzi z każdym wynikiem

Twoja historia wyników

Nie rozwiązałeś tego quizu